Fußballzitate - Statistiken

Allgemein
  • Dieses Quiz wurde 605 mal gespielt
  • Das Durchschnittsergebnis liegt bei 4 aus 15
Antwortstatistiken
Zitat Person % Korrekt
"Eier, wir brauchen Eier" Oliver Kahn
89%
"Wir dürfen jetzt nur nicht den Sand in den Kopf stecken" Lothar Matthäus
74%
"Mailand oder Madrid – Hauptsache Italien" Andreas Möller
39%
"Ja gut, es gibt nur eine Möglichkeit: Sieg, Unentschieden oder Niederlage" Franz Beckenbauer
34%
"Ich denke nicht vor dem Tor. Das mache ich nie" Lukas Podolski
33%
"Ich habe immer gesagt, mich interessiert nicht, wer spielt, Hauptsache ich spiele" Mario Basler
29%
"Nach dem Spiel ist vor dem Spiel" Sepp Herberger
21%
"Da kam das Elfmeterschießen. Wir hatten alle die Hosen voll, aber bei mir lief´s ganz flüssig" Paul Breitner
16%
"Mal verliert man und mal gewinnen die anderen" Otto Rehhagel
13%
"Mir ist es egal, ob es ein Brasilianer, Pole, Kroate, Norddeutscher oder Süddeutscher ist. Die Leistung entscheidet, nicht irgendeine Blutgruppe" Christoph Daum
12%
"Das nächste Spiel ist immer das nächste" Matthias Sammer
9%
"Das wird alles von den Medien hochsterilisiert" Bruno Labbadia
8%
"Wir müssen gewinnen, alles andere ist primär" Hans Krankl
5%
"Das ist Wahnsinn! Da gibt’s Spieler im Team, die laufen noch weniger als ich" Toni Polster
5%
"Das ist Schnee von morgen" Jens Jeremies
3%
Keine übereinstimmenden Quizze gefunden
Verteilung der Resultate
Anzahl Personen mit jedem Resultat
Perzentil nach korrekt beantworteten Fragen
Ihre Resultats-Entwicklung
Sie haben dieses Quiz noch nicht gespielt